Statistics for Biggest U.S. Cities that Can Fit Inside Tokyo on a Map

Click here to take the quiz!

General Stats

  • This quiz has been taken 342 times
  • The average score is 21 of 33

Answers on the Map

Answers color-coded by a green-red scale on the quiz's map according to % correct below.
 

Answer Stats

City% Correct
Los Angeles
99%
New York City
99%
Chicago
92%
Miami
90%
Houston
89%
San Francisco
89%
Boston
85%
Dallas
80%
Washington DC
80%
Philadelphia
79%
San Diego
79%
Atlanta
78%
Phoenix
77%
Denver
76%
Austin
75%
San Antonio
70%
Las Vegas
67%
Orlando
64%
Cleveland
63%
New Orleans
62%
Baltimore
60%
Charlotte
60%
Kansas City
60%
San Jose
59%
Indianapolis
57%
Salt Lake City
55%
Sacramento
54%
Memphis
52%
Honolulu
38%
Providence
22%
New Haven
14%
Durham
10%
Boulder
9%

Score Distribution

Percentile by Number Answered

Percent of People with Each Score

Your Score History

You have not taken this quiz